| 000 | 00480nam a22001817a 4500 | ||
|---|---|---|---|
| 005 | 20180720093740.0 | ||
| 008 | 160527b xxu||||| |||| 00| 0 eng d | ||
| 020 | _a81-297-0352-1 | ||
| 041 | _aeng | ||
| 082 |
_b5387 _a658.16 |
||
| 100 |
_aWeston, J. Fred and Others _91297 |
||
| 245 | _aTakeover, Restructuring, and Corporate Governance | ||
| 250 | _a4th ed. | ||
| 260 |
_aNew Delhi _bAcademic Faundation _c2004 |
||
| 300 | _a659p, | ||
| 650 |
_aManagement _9241 |
||
| 942 | _cBK | ||
| 999 |
_c1920 _d1919 |
||